[Event "St Petersburg Rudenko Memorial (Women)"]
[Site "St Petersburg"]
[Date "2009.08.29"]
[Round "4"]
[White "Dorokhova, Regina"]
[Black "Kupsik, Natalia"]
[Result "1-0"]
[WhiteElo "1985"]
[BlackElo "1827"]
[PlyCount "41"]
[EventDate "2009.08.24"]
[EventType "swiss"]
[EventRounds "9"]
[EventCountry "RUS"]
[SourceTitle "CBM 132 Extra"]
[Source "ChessBase"]
[SourceDate "2009.11.03"]
[SourceVersion "1"]
[SourceVersionDate "2009.11.03"]
[SourceQuality "1"]

1. d4 Nf6 2. c4 e5 3. dxe5 Ng4 4. e4 Nxe5 5. f4 Ng6 6. Nf3 Nc6 7. a3 Be7 8. Bd3 0-0 9. 0-0 Bc5+ 10. Kh1 d6 11. Nc3 Qf6 12. Nd5 Qd8 13. b4 Bd4 14. Nxd4 Nxd4 15. Bb2 Nc6 16. Qd2 Nce7 17. Nf6+ gxf6 18. Bxf6 h6 19. f5 Kh7 20. Rf3 Qe8 21. Qxh6+ 1-0